All Dead Naruto Characters - Statistics

General Stats
  • This quiz has been taken 748 times
  • The average score is 41 of 56
Answer Stats
Hint Name % Correct
Naruto's Father Minato
98%
Sasuke's Brother Itachi
96%
Sai's Brother Shin
96%
Kakashi's teammate Obito
95%
First Hokage Hashirama
94%
Naruto's Mother Kushina
94%
Hyuga Neji
94%
Second Hokage Tobirama
94%
Third Hokage Hiruzen
93%
Akatsuki Nagato
93%
Kakashi's teammate Rin
93%
Powerful Uchiha Madara
92%
Akatsuki's Puppeteer Sasori
92%
Itachi's Best Friend Shisui
90%
Akatsuki Deidara
89%
Akatsuki Hidan
89%
Akatsuki Konan
89%
Black & White Zetsu
88%
Akatsuki Kakuzu
87%
Akatsuki Kisame
86%
Sarutobi Asuma
85%
Ero Sennin Jiraiya
84%
Shikamaru's Father Shikaku
84%
Akatsuki's Founder Yahiko
84%
Swordsman's friend Haku
81%
Swordsman Zabuza
81%
Otsutsuki Kaguya
78%
Sasuke's Father Fugaku
77%
ANBU Leader Danzo
75%
Ino's Father Inoichi
75%
Puppeteer Chiyo
69%
Otsutsuki Hagoromo
68%
And his brother Izuna
68%
Jinchūriki Han
67%
Otsutsuki Indra
67%
Kakashi's Father Sakumo
66%
Hyuga Hizashi
65%
Otsutsuki Ashura
64%
Sound Five Kimimaro
62%
Sound Five Tayuya
60%
Sound Five Sakon & Ukon
59%
Gaara's Father Rasa
58%
Sound Five Jirobo
57%
Jinchūriki Utakata
56%
Sasuke's Mother Mikoto
55%
Sound Five Kidomaru
53%
Jinchūriki Yagura
52%
Jinchūriki Fuu
51%
Jinchūriki Yugito
50%
Otsutsuki Hamura
49%
Killed by Baki Hayate
48%
Mifune's Rival Hanzo
47%
Jinchūriki Roshi
47%
Sasuke's summoning Manda
44%
Tsunade's brother Nawaki
44%
Tsunade's ex-boyfriend Dan Kato
32%
No matching quizzes found
Score Distribution
Percent of People with Each Score
Percentile by Number Answered
Your Score History
You have not taken this quiz